00669nam a2200205 a 450000100100000000500170001000800410002704000250006808200230009310000390011624500500015525000110020526000350021630000210025149000480027250000330032065000240035365000360037783000500041300001999220200929170224.0100709s1964 sp 001 e spa d aDO-SdBNPbspacBNPHU a864.6bL186a, 19641 aLaín Entralgo, Pedro,d1908-200113aLa Aventura de Leer /cPedro Laín Entralgo. a2a ed. aMadrid :bEspasa-Calpe,c1964. a224 p. ;c18 cm.1 aAustral. Verde: ensayos y filosofíav1279 aIncluye índice de autores. 4aEnsayos españoles 4aLiteratura españolaySIGLO XX 0aAustral.pVerde: ensayos y filosofía;v1279